000 00564nam a22001937a 4500
003 OSt
005 20160425194459.0
008 151125b xxu||||| |||| 00| 0 eng d
020 _a05282497124
040 _cDDC.
082 _a271.102PER 1982.
100 _aPerrott, Elizabeth.
_96282
245 _aEffective Teaching.
_bA Practical Guide To Improving your teaching.
260 _aHarlow England.
_bLongman.
_c1992.
300 _aviii,197p;
_bcol,ill;
_c20cm.
504 _aReferences and index are now included.
650 _aTeaching.
_9776
942 _2ddc
_cSLOAN
999 _c2674
_d2674